[Event "V Copa Marcel Duchamp 2022"]
[Site "Montevideo"]
[Date "2022.02.13"]
[Round "3.5"]
[White "Lima, Darcy"]
[Black "Carbone, Diego"]
[Result "1-0"]
[WhiteElo "2507"]
[BlackElo "2272"]
[Annotator "TA"]
[PlyCount "67"]
[EventDate "2022.02.12"]
[EventCountry "URU"]
[SourceTitle "playchess.com"]
[Source "ChessBase"]
[SourceQuality "1"]

{[%evp 10,67,25,12,37,47,56,49,49,48,56,54,107,95,105,96,159,152,175,176,177,179,229,193,318,243,216,211,229,223,221,206,262,249,236,200,672,658,1213,811,753,335,355,90,104,105,497,398,398,398,398,398,11960,29948,29969,29970,6190,5891,29984,2482]} 1. g3 c5 2. Nf3 Nc6 3. d4 cxd4 4. Nxd4 Nf6 5. Bg2 e6 6. O-O a6 {A46: 1 d4 Nf6 2 Nf3 e6: Torre, London and Colle Systems.} (6... Qb6 $5 {[%cal Rb6d4]} 7. Nb3 d5 $11) 7. c4 Bc5 {was the old line (7...Be7).} 8. Nxc6 bxc6 {White is slightly better.} 9. Nc3 d5 10. e4 {[%cal Re4d5] [#]} Bb7 $146 ({Black should try} 10... dxc4 $14 11. Qxd8+ Kxd8) ({Predecessor:} 10... O-O 11. exd5 exd5 12. cxd5 Nxd5 13. Nxd5 cxd5 14. Qxd5 Qxd5 15. Bxd5 Rb8 16. Bb3 Rb7 {½-½ (46) Tukmakov,V (2595)-Dizdar,S (2400) Bled 1996}) 11. exd5 $16 cxd5 12. Qa4+ Kf8 ({Black should play} 12... Qd7) 13. Bg5 Qb6 14. Bxf6 gxf6 15. cxd5 {Qh4 is the strong threat.} Rd8 (15... h5 $142 16. dxe6 Bxg2 17. Kxg2 fxe6) 16. Qh4 Be7 (16... Kg7 {is a better defense.} 17. Qg4+ Kh6) 17. dxe6 fxe6 18. Na4 Qa7 19. Bxb7 Qxb7 {[#]} 20. Nc5 $1 {[%mdl 512]} Qb6 (20... Qc6 21. Qh6+) 21. b4 Kf7 22. Rad1 {Black must now prevent Rxd8.} a5 $2 (22... h5 23. Qe4 f5) 23. Rxd8 $18 Bxd8 24. Rd1 h5 25. a3 (25. Rd7+ $142 Be7 26. Ne4) 25... Be7 26. Qc4 (26. Qe4 $18) 26... axb4 $16 27. axb4 {Hoping for Rd7.} Rc8 $2 {[%mdl 8192] Loses the game.} (27... h4 $16) 28. Qe2 ({Not} 28. Rd7 Rd8 29. Rxd8 Bxd8 $18) 28... Rxc5 29. bxc5 Qxc5 $18 {KQR-KQB} 30. h4 ({Resist} 30. Rd7 h4 31. gxh4 Qc1+ 32. Qd1 Qxd1+ 33. Rxd1 Kg6 $18) 30... Bd6 $2 (30... Qe5 31. Qc2 Qf5) 31. Qd3 Be7 32. Qh7+ Kf8 33. Ra1 {Intending Ra8+ and mate.} Qd5 {[#] Prevents Ra8+.} 34. Ra8+ $3 {[%mdl 512] Weighted Error Value: White=0.45/Black=1.15} 1-0

[Event "V Copa Marcel Duchamp 2022"]
[Site "Montevideo"]
[Date "2022.02.13"]
[Round "3.6"]
[White "Coppola, Claudio"]
[Black "Morovic Fernandez, Ivan"]
[Result "0-1"]
[WhiteElo "2285"]
[BlackElo "2498"]
[Annotator "TA"]
[PlyCount "60"]
[EventDate "2022.02.12"]
[EventCountry "URU"]
[SourceTitle "playchess.com"]
[Source "ChessBase"]
[SourceQuality "1"]

{[%evp 9,60,6,20,20,17,17,14,0,0,0,19,8,23,25,29,19,51,36,46,50,62,38,32,31,37,20,91,89,129,124,125,100,215,223,238,85,126,68,133,14,14,20,23,15,9,8,16,9,15,11,4,0,69]} 1. d4 d5 2. Nf3 Nf6 3. c4 c6 4. g3 Bg4 5. Qb3 {[#]} Bxf3 $146 ({Predecessor:} 5... Qb6 6. Nc3 dxc4 7. Qxc4 e6 8. Bg2 Be7 9. O-O O-O 10. e4 Rd8 11. Rd1 Nbd7 12. h3 Bh5 {1-0 (34) Savchenko,B (2535)-Perera Alfonso,R (2354) Chess.com INT 2022}) 6. exf3 {D11: Slav Defence: 3 Nf3 sidelines and 3...Nf6 4 e3 Bg4.} Qc8 7. Nc3 {[%cal Rc4d5,Bb1c3,Bc3e4,Be4c5,Bc5d3,Bd3e5][%mdl 32]} e6 8. Bf4 dxc4 9. Bxc4 Be7 10. O-O {White wants to play Rfe1.} O-O 11. Rfe1 {[%cal Rc4e6] Bxe6! is the strong threat.} Kh8 12. Ne4 Nd5 13. Bd6 {aiming for Bxd5.} Qd7 14. Bxe7 Qxe7 15. Nc5 b6 16. Nd3 Qd6 17. Rac1 Nc7 (17... Ne7 $11) 18. Ne5 $16 f6 19. Nd3 Nd7 20. Bxe6 {Strongly threatening Bf5.} Nb5 (20... Rae8 $16 21. Bxd7 Rxe1+ 22. Nxe1 Qxd7) 21. d5 $18 Nd4 {[#]} 22. Qd1 (22. Rxc6 $1 $18 {[%mdl 512] and the rest is easy.} Qe7 (22... Nxc6 23. dxc6) 23. Qd1) 22... c5 (22... Rfd8 $142) 23. f4 (23. b4 $16) 23... Rae8 {[#]} ({Black should try} 23... Rfe8 $1 $14) 24. Kg2 (24. f5 $1 $16) 24... Nxe6 $11 25. dxe6 Rxe6 26. Qf3 Rxe1 {The position is equal.} 27. Rxe1 c4 28. Nc1 Nc5 29. Rd1 Qe6 30. Rd4 f5 {[%mdl 32768] Weighted Error Value: White=0.20 (precise) /Black=0.20 (precise) . Loss on time!?} ({Better is} 30... h6 $11) 0-1

[Event "V Copa Marcel Duchamp 2022"]
[Site "Montevideo"]
[Date "2022.02.13"]
[Round "3.7"]
[White "Santiago, Yago De Moura"]
[Black "Michailov, Matias"]
[Result "1/2-1/2"]
[WhiteElo "2494"]
[BlackElo "2248"]
[Annotator "TA"]
[PlyCount "71"]
[EventDate "2022.02.12"]
[EventCountry "URU"]
[SourceTitle "playchess.com"]
[Source "ChessBase"]
[SourceQuality "1"]

{[%evp 14,71,-2,-8,-4,-15,-14,-8,0,-16,0,0,6,0,0,0,0,-17,-19,-19,-22,-41,-31,-23,-22,-100,-16,-22,-30,-31,-17,-14,-22,-19,-8,-64,-56,-56,-27,-35,-31,-45,-44,-25,-41,-47,0,-22,0,-45,0,-41,-40,-38,-35,-62,-52,-56,-49,-77]} 1. d4 {Hazai,L} Nf6 2. Nf3 g6 3. Bg5 Bg7 4. Nbd2 O-O 5. c3 d6 6. e4 c5 7. dxc5 dxc5 8. Qc2 Qc7 {A48: 1 d4 Nf6 2 Nf3 g6: Torre, London and Colle Systems.} 9. Bc4 Nc6 10. O-O b6 {The position is equal.} 11. Rfe1 Na5 12. Bf1 Be6 {[#]} 13. Rac1 $146 ({Predecessor:} 13. h3 Rad8 14. Rad1 h6 15. Be3 Kh7 16. Ba6 Nd7 17. Bb5 Ne5 18. b3 Bc8 19. Be2 {½-½ (87) Dreev,A (2683)-Ye,J (2676) Dubai 2002 CBM 089 [Hazai,L]}) 13... h6 14. Bh4 Nh5 15. b4 Nc6 16. Bc4 Bxc4 17. Nxc4 cxb4 (17... b5 $5 {[%cal Rb5c4]} 18. Ne3 g5 $11) 18. cxb4 Rac8 19. e5 (19. Ne3 $11 {keeps the balance.} Qb7 20. Qb1) 19... Nd8 (19... Nxb4 $17 20. Qd2 Nf4 21. Qxb4 (21. Qxf4 $2 Nd3 $19) 21... Nd3) 20. Nd4 Qb7 {aiming for ...Nf4.} 21. Qd2 {To avoid Nf4} Ne6 22. Nxe6 fxe6 23. Bg3 {To avoid Rf4} Rfd8 24. Qe2 (24. Qe3 $11) 24... Rd4 $1 $15 {White must now prevent ...Qc7.} 25. Rc2 $1 Rcd8 {[%cal Od4e4]} 26. a3 {[#]} Qe4 $1 27. Qxe4 (27. Ne3 Nxg3) 27... Rxe4 {[%cal Re4e1]} 28. Kf1 Red4 29. Ke2 Re4+ 30. Kf1 Red4 31. Ke2 $1 Re4+ (31... g5 $15 {feels stronger.}) 32. Ne3 (32. Kf1 $11 Red4) 32... Nxg3+ {Black is slightly better.} ({Don't play} 32... Bxe5 33. Bxe5 Rxe5 34. Rc7 $11) 33. hxg3 Bxe5 34. Rec1 Kf7 35. Rc8 Rd7 36. R1c2 {Weighted Error Value: White=0.14 (very precise) /Black=0.11 (very precise)} 1/2-1/2

[Event "V Copa Marcel Duchamp 2022"]
[Site "Montevideo"]
[Date "2022.02.13"]
[Round "3.8"]
[White "Miranda, Rafael"]
[Black "Ricardi, Pablo"]
[Result "1-0"]
[WhiteElo "2264"]
[BlackElo "2464"]
[Annotator "TA"]
[PlyCount "83"]
[EventDate "2022.02.12"]
[EventCountry "URU"]
[SourceTitle "playchess.com"]
[Source "ChessBase"]
[SourceQuality "1"]

{[%evp 25,83,5,17,0,8,18,46,47,41,37,28,31,37,0,47,54,45,58,54,16,25,20,21,26,49,51,127,111,138,152,500,539,559,559,552,557,550,551,533,542,680,653,706,712,685,669,1287,1263,1720,1553,1524,1516,1411,1162,993,980,6510,6270,29976,2060]} 1. e4 c5 2. Nf3 e6 3. d4 cxd4 4. Nxd4 Nf6 5. Nc3 Nc6 6. Ndb5 d6 7. Bf4 e5 8. Bg5 a6 9. Na3 b5 {[%cal Bb7b5,Bb5b4][%mdl 32]} 10. Nd5 Be7 11. Bxf6 Bxf6 12. c4 b4 13. Nc2 a5 14. g3 {B33: Sicilian: Pelikan and Sveshnikov Variations.} O-O {14...g6 is the hot move.} 15. Bg2 Nb8 16. O-O {White is slightly better.} Nd7 {[#]} 17. Bh3 $146 ({Predecessor:} 17. Qe2 Bb7 18. Rad1 Nb6 19. Nxb6 Qxb6 20. b3 Qc5 21. Rd3 Bd8 22. Rfd1 Ra6 23. Ne3 g6 24. h4 {½-½ (46) Nataf,I (2603)-Lawson,E (2373) Edmonton 2005}) 17... Bg5 18. b3 Rb8 19. Qe2 g6 (19... Nb6 $11 {deserves consideration.} 20. Bxc8 Nxd5) 20. Rad1 $14 Kh8 21. f4 exf4 22. gxf4 (22. Nxf4 $5 {[%cal Rd1d6]} Nf6 23. Bxc8 Rxc8 24. Nd5 $14) 22... Bh6 $1 23. Nd4 $36 {[%cal Bc2d4,Bd4b5,Bb5d6][%mdl 2080] White is pushing.} Bb7 {To avoid Nc6} 24. Nb5 {Pair of Knights!} Nc5 25. Bg2 Bg7 {Inhibits Qb2.} (25... Bc6 $14) 26. Qf2 {[%cal Oe4e5] Strongly threatening e5! White is more active.} Bc6 {[#]} 27. Nxd6 Na4 {Loses the game.} (27... Qxd6 $16 28. e5 Qe6) 28. e5 $18 ({Less strong is} 28. bxa4 Qxd6 29. e5 Qe6 $16) 28... Bxd5 29. Rxd5 Nc3 {[#]} 30. Nxf7+ $1 {[%mdl 512]} Rxf7 31. Rxd8+ Rxd8 32. Qe3 Rfd7 33. Kh1 Rd2 34. e6 {Hoping for e7.} Re2 35. Qb6 {[%csl LRa5,LRd8]} Bf6 36. Bf3 Rxa2 37. e7 Bxe7 38. Qe6 Bh4 39. Qe5+ Kg8 40. f5 {[%cal Bf4f5,Bf5f6][%mdl 32]} ({Not} 40. Bg4 Rdd2 41. Be6+ Kf8 $18) 40... Rdd2 41. f6 {[%cal Re5e8]} Rxh2+ 42. Kg1 {Weighted Error Value: White=0.06 (flawless) /Black=0.70} 1-0

[Event "V Copa Marcel Duchamp 2022"]
[Site "Montevideo"]
[Date "2022.02.13"]
[Round "3.9"]
[White "Perdomo, Leandro"]
[Black "Larrea, Manuel"]
[Result "1-0"]
[WhiteElo "2447"]
[BlackElo "2226"]
[Annotator "TA"]
[PlyCount "63"]
[EventDate "2022.02.12"]
[EventCountry "URU"]
[SourceTitle "playchess.com"]
[Source "ChessBase"]
[SourceQuality "1"]

{[%evp 11,63,35,47,29,46,33,29,34,54,31,101,98,97,105,135,110,167,120,120,122,113,95,130,113,150,118,160,144,166,182,199,201,222,231,380,362,440,431,554,573,580,541,579,582,589,575,508,430,476,428,573,460,629,433]} 1. d4 Nf6 2. c4 g6 3. Nc3 Bg7 4. e4 d6 5. h3 O-O 6. Be3 Nbd7 7. g4 {E71: King's Indian: 4 e4 d6 5 h3.} e5 8. d5 Nc5 9. f3 {White has an edge.} a5 10. Qd2 Bd7 ({Black should try} 10... c6 $1 $14) 11. Nge2 $16 Qe7 12. Ng3 {[#]} Rfd8 $146 ({Predecessor:} 12... Ne8 13. O-O-O a4 14. h4 a3 15. b3 f5 16. gxf5 gxf5 17. exf5 Bxf5 18. Nce4 Bd7 {0-1 (30) Maj,P (2137)-Lapaj,M (2207) Jastrzebia Gora 2019}) 13. h4 c6 (13... h5 $16 {might work better.}) 14. h5 (14. g5 $18) 14... cxd5 15. cxd5 Rdc8 16. Qh2 Bh8 17. Nb5 a4 18. Qd2 b6 (18... Bg7 $142 19. Rc1 Ne8) 19. Be2 {White is more active.} Ra5 {[#]} 20. Na3 Ne8 21. Kf2 Qd8 22. Rh2 b5 (22... Rc7 {was necessary.} 23. Nc4 Raa7 24. Nxb6 Qb8) 23. Rah1 {Hoping for hxg6.} Bg7 24. hxg6 {White is clearly winning.} hxg6 25. Bh6 {Black must now prevent Bxg7.} Bf6 26. g5 Bh8 {[#]} 27. Bf8 $1 {[%mdl 512]} Kxf8 28. Rxh8+ Ke7 29. f4 Qb6 {( -> ...Nd3+)} 30. Kg2 Nc7 31. fxe5 {Threatens to win with Qf4.} dxe5 32. d6+ {Weighted Error Value: White=0.16 (very precise) /Black=0.45} 1-0

[Event "V Copa Marcel Duchamp 2022"]
[Site "Montevideo"]
[Date "2022.02.13"]
[Round "3.10"]
[White "Sanhueza, Cristian"]
[Black "Diaz Hollemaert, Nahuel"]
[Result "1/2-1/2"]
[WhiteElo "2242"]
[BlackElo "2439"]
[Annotator "TA"]
[PlyCount "77"]
[EventDate "2022.02.12"]
[EventCountry "URU"]
[SourceTitle "playchess.com"]
[Source "ChessBase"]
[SourceQuality "1"]

{[%evp 15,77,22,31,-13,-16,-6,-18,-10,-5,-18,-15,0,2,-15,-11,-17,0,0,0,-91,-23,-46,-26,-23,-23,-19,-23,-20,-14,-28,-18,-22,-8,-10,-27,-15,20,0,25,-566,-124,-133,-138,-120,-127,-112,0,0,0,0,597,171,674,672,633,0,0,0,0,0,0,0,0,0]} 1. e4 g6 2. d4 d6 3. Nc3 c6 4. Be3 Bg7 5. Qd2 Nf6 6. h3 b5 {[%cal Bb7b5,Bb5b4][%mdl 32]} 7. Bd3 Nbd7 8. Nf3 O-O 9. a4 {B08: Pirc Defence: Classical System.} (9. O-O $14) 9... b4 $11 10. Ne2 c5 {is the legacy move (10...a5).} 11. c3 Bb7 12. Ng3 {[#]} d5 $146 ({Predecessor:} 12... bxc3 13. bxc3 cxd4 14. cxd4 d5 15. e5 Ne4 16. Bxe4 dxe4 17. Ng5 Nb6 18. Qb4 a5 {1-0 (62) Hoang,T (2423)-Melia,S (2391) Batumi 2018}) 13. e5 Ne4 14. Bxe4 dxe4 15. Ng5 cxd4 16. cxd4 Nb6 17. N5xe4 (17. O-O $11) 17... f5 (17... Nc4 $17 18. Qe2 (18. Qxb4 Bxe4 19. Qxc4 Bxg2 $17) 18... Rc8) 18. exf6 exf6 {[%cal Be7f6,Bf6f5][%mdl 32] Hoping for ...f5.} 19. O-O $1 (19. Qxb4 $2 f5 20. Nc5 (20. a5 $2 Bxe4 21. axb6 Bxg2 $19) 20... Bxg2 $19) 19... Qd5 {[%mdl 1024] ...f5 is the strong threat. Black has compensation.} 20. Rfc1 (20. Qxb4 f5 21. Rfc1 (21. a5 Nc4 $17) 21... Rac8 22. Rxc8 Nxc8 $17) 20... f5 21. Rc5 Qd7 $36 {[%mdl 2048] Black has good play.} 22. Ng5 Nd5 {Threatens to win with ...f4.} 23. Ne2 {Inhibits f4.} Rae8 {[%cal Of5f4]} 24. Nf4 Nxe3 25. fxe3 {[#]} Rxe3 $1 26. Rd1 (26. Qxe3 $2 Bxd4 27. Re5 Be4 $19) 26... Rfe8 {And now ...h6 would win.} 27. Kh1 $2 {[%mdl 8192]} (27. Qxb4 $11 Ba6 28. Rc3 Re1+ 29. Kh2 (29. Rxe1 Bxd4+ 30. Rce3 Bxe3+ 31. Kh1 Bxf4 $11)) 27... Bh6 $2 {A strong pair of Bishops.} (27... h6 $19 {is more deadly.} 28. Nfe6 R8xe6 29. Nxe6 Qxe6) 28. h4 $17 Qd6 ({Worse is} 28... Qxa4 29. Rc7 R3e4 30. Kh2 $15 (30. Rxb7 Rxf4 31. Qxf4 Qxd1+ 32. Kh2 Bxg5 $15) (30. Nxe4 Rxe4 31. Rf1 Qb5 $15)) 29. Re5 R3xe5 ({Stronger than} 29... R8xe5 30. dxe5 Qxd2 31. Rxd2 Bxg5 32. hxg5 Rxe5 33. Rd7 $15) 30. dxe5 Qxe5 (30... Qxd2 $17 31. Rxd2 Bg7) 31. Qxb4 $11 Bxg5 32. hxg5 {Strongly threatening Qb3+.} Be4 $2 {[%mdl 8192] [#]} (32... Qe7 $11 33. Qb3+ Kh8) 33. Qc4+ $2 (33. Rd7 $1 {Threatening mate with Qc4+.} Qxf4 (33... Bxg2+ 34. Nxg2) 34. Qc4+ Kh8 35. Qc3+ Qe5 36. Rd8 $1 Qxc3 37. Rxe8+ Kg7 38. bxc3) 33... Kh8 $2 {[#]} (33... Kf8) 34. Rd7 $1 $18 {White wants to mate with Qf7.} Qxf4 {[#]} 35. Rxh7+ $3 {[%mdl 512]} Kxh7 $11 {The position is equal.} 36. Qf7+ Kh8 37. Qxe8+ Kg7 38. Qe7+ Kg8 {( -> ...Qf1+)} 39. Qe8+ {Weighted Error Value: White=0.73/Black=0.77} 1/2-1/2

[Event "V Copa Marcel Duchamp 2022"]
[Site "Montevideo"]
[Date "2022.02.13"]
[Round "3.11"]
[White "Valerga, Diego"]
[Black "Fernandez, Maria Florencia"]
[Result "1-0"]
[WhiteElo "2431"]
[BlackElo "2200"]
[Annotator "TA"]
[PlyCount "55"]
[EventDate "2022.02.12"]
[EventCountry "URU"]
[SourceTitle "playchess.com"]
[Source "ChessBase"]
[SourceQuality "1"]

{[%evp 18,55,35,17,39,32,70,68,66,62,73,86,83,84,89,83,95,83,75,54,59,64,74,58,75,52,56,56,56,62,71,41,37,43,59,60,54,40,42,45]} 1. d4 Nf6 2. Nf3 g6 3. c4 Bg7 4. Nc3 O-O 5. e4 d6 6. Be2 Na6 7. O-O e5 8. Re1 exd4 9. Nxd4 Nc5 10. Bf1 a5 {E95: King's Indian: Classical: 7...Nbd7 8 Re1.} 11. f3 Bd7 12. Be3 Re8 13. Qd2 Qe7 14. Ndb5 Bxb5 15. cxb5 {[#]} Qf8 $146 ({Predecessor:} 15... Qe5 16. Rad1 Rad8 17. Qf2 b6 18. Bc4 Ncd7 19. h3 h6 20. f4 Qe7 21. Bd4 Qf8 {1-0 (64) Sedlak,N (2592)-Lichtl,E (2136) Aschach 2011}) 16. Rad1 Red8 17. Qf2 {[%cal Oe4e5]} Nfd7 18. Nd5 c6 19. Nc3 a4 20. Qc2 Rdc8 21. bxc6 (21. Qd2 {keeps more tension.} Rd8 22. Rc1 Ne6 23. Red1 Ndc5 24. Bc4) 21... bxc6 22. Bd4 Bxd4+ 23. Rxd4 Nb6 24. Red1 {White is more active.} d5 $1 {White is slightly better.} 25. exd5 Nxd5 26. Nxd5 cxd5 27. Rxd5 a3 $1 {[#] White must now prevent ...Na4.} 28. b3 {To avoid Na4.  Weighted Error Value: White=0.08 (flawless) /Black=0.06 (flawless)} 1-0

[Event "V Copa Marcel Duchamp 2022"]
[Site "Montevideo"]
[Date "2022.02.14"]
[Round "3.12"]
[White "Muniz, Rafael"]
[Black "Roselli Mailhe, Bernardo"]
[Result "0-1"]
[WhiteElo "2194"]
[BlackElo "2426"]
[Annotator "TA"]
[PlyCount "82"]
[EventDate "2022.02.12"]
[EventCountry "URU"]
[SourceTitle "playchess.com"]
[Source "ChessBase"]
[SourceQuality "1"]

{[%evp 21,82,7,27,40,41,41,68,31,76,62,65,52,58,56,55,38,38,31,31,28,29,0,13,7,52,45,51,46,135,120,154,112,127,53,54,-99,-79,-81,-11,-9,-20,-15,-18,-37,10,-72,-56,-56,-57,-70,-47,-52,-56,-146,-72,-154,-113,-300,-289,-424,-416,-29990,-29991]} 1. e4 e6 2. d4 d5 3. Nc3 Bb4 4. e5 c5 5. a3 Bxc3+ 6. bxc3 Qc7 7. Nf3 Ne7 8. a4 b6 9. Bb5+ Bd7 10. Bd3 Nbc6 11. O-O c4 12. Be2 {C19: French: 3 Nc3 Bb4: Main line: 7 Nf3 and 7 a4.} f6 {[%cal Rf6e5]} 13. Re1 Ng6 {[%cal Rf6e5]} 14. Bf1 {White is slightly better.} O-O-O (14... O-O $14 {might be stronger.}) 15. g3 {[#]} Rde8 $146 ({Predecessor:} 15... Kb7 16. Bg2 f5 17. Ba3 Nce7 18. h4 Nc8 19. Ng5 Rde8 20. h5 Nf8 21. Nf7 Rg8 {0-1 (42) Cabezas Ayala,I (2316)-Pienski,O (2075) Ghent 2013}) 16. h4 h5 17. Bg2 Kb7 18. Rb1 Na5 19. Ba3 Bxa4 20. Bd6 Qd7 21. Rb4 {[%mdl 1024] White has compensation.} Ka8 22. Nd2 Bc6 (22... b5 $11 {should be considered.}) 23. Qa1 $14 Ne7 {...Nf5 is the strong threat.} 24. Reb1 {[%cal Ob4b6]} Qb7 (24... Nf5 $2 25. Rxb6 Nxd6 26. Qxa5 fxe5 27. dxe5 $18) (24... Qd8 $1 $14) 25. R1b2 $16 Nf5 {[#]} 26. Bc5 {[%mdl 512]} Rb8 {[#]} 27. Ra2 (27. Rxb6 $1 $16 {[%mdl 512]} axb6 28. Rxb6 Qxb6 29. Bxb6 Rxb6 30. Qxa5+ Kb7 31. exf6 gxf6 32. Qa1) 27... Qc7 $14 {[#]} 28. Bh3 $2 fxe5 $17 {White must now prevent ...e4. Black is more active.} ({But not} 28... bxc5 $6 29. Rxb8+ Rxb8 30. Rxa5 $11) 29. dxe5 bxc5 ({Black should play} 29... Bd7 $17 30. Bd4 Nc6 31. Bxf5 Nxb4 32. cxb4 exf5) 30. Rxb8+ $11 Rxb8 {[%cal Bh8b8,Bb8b5,Bb5b6][%mdl 32]} 31. Rxa5 Rb5 32. Ra6 {[%cal Od2c4]} g6 {[#]} (32... Kb8 $15) 33. Bg2 (33. Nxc4 $1 $11 {remains equal.} Kb8 34. Nd2) 33... Rb6 34. Ra5 Bb5 $36 {[%mdl 2048] Black fights for an advantage.} (34... Qxe5 $2 35. Rxa7+ Kb8 36. Nxc4 $1 {[%mdl 512]} dxc4 37. Bxc6 $18) 35. Qa3 Kb8 (35... Qxe5 $2 36. Rxa7+ Kb8 37. Ra8+ Kc7 38. Nxc4 $1 $18 {[%mdl 512]}) (35... Rb7 $5 {[%cal Rf5e7]} 36. Bh3 Kb8 $17) 36. Nf3 a6 37. Ng5 ({White should try} 37. Qc1 $15) 37... Nh6 (37... Qxe5 $142 {Hoping for ...Qe1+.} 38. Qxc5 Qd6 39. Qxd6+ Nxd6) 38. Bh3 {[#]} (38. Qc1 $142) 38... Ng4 $1 $17 39. f3 $2 (39. f4 $17) 39... Qxe5 $19 {( -> ...Qe1+)} ({Avoid the trap} 39... Nxe5 $2 40. Kh2) 40. fxg4 (40. Qxc5 {is the only way for White.} Qe1+ 41. Kg2 Qe2+ 42. Kg1 Qe1+ 43. Kg2 Qd2+ 44. Kg1 Qe1+) 40... Qxg3+ 41. Bg2 (41. Kf1 $19 Bd7 42. Qa1 hxg4 43. Bg2 Qxh4 44. Ne4 dxe4 45. Rxa6 Qf6+ 46. Ke2 Rxa6 47. Qxa6) 41... Bc6 {Weighted Error Value: White=0.55/Black=0.18 (very precise)} 0-1

[Event "V Copa Marcel Duchamp 2022"]
[Site "Montevideo"]
[Date "2022.02.13"]
[Round "3.13"]
[White "Carvalho, Guillermo"]
[Black "Umetsubo, Cesar Hidemitsu"]
[Result "0-1"]
[WhiteElo "2171"]
[BlackElo "2402"]
[Annotator "TA"]
[PlyCount "60"]
[EventDate "2022.02.12"]
[EventCountry "URU"]
[SourceTitle "playchess.com"]
[Source "ChessBase"]
[SourceQuality "1"]

{[%evp 25,60,47,46,25,79,84,77,69,78,11,12,10,43,0,0,-56,-64,-393,-399,-378,-376,-389,-389,-396,-341,-518,-483,-756,-742,-1077,-1081,-1099,-1084,-1468,-1371,-958,-924]} 1. c4 c5 2. Nc3 Nf6 3. e4 d6 4. g3 b6 5. Bg2 Bb7 6. Nge2 e6 7. O-O a6 8. Re1 Qc7 9. b3 Nbd7 10. Bb2 Be7 11. d4 cxd4 12. Nxd4 O-O 13. Rc1 Rac8 {[#]} 14. h4 $146 {A30: Symmetrical English: Double Fianchetto and Hedgehog.} ({Predecessor:} 14. g4 g6 15. h3 Rfe8 16. Kh1 Qb8 17. Qd2 Bf8 18. Rcd1 Qa8 19. g5 Nh5 20. Kg1 Nc5 21. f3 e5 {0-1 (31) Anton Guijarro,D (2642)-Perunovic,M (2597) Skopje 2018}) 14... Rfd8 (14... h6 $11) 15. g4 $16 {[%cal Bg3g4,Bg4g5][%mdl 32]} Ne5 16. g5 {White is better.} Nfd7 17. Qd2 (17. Rc2 $16) 17... Nc5 $11 18. Re3 {To avoid Ncd3} Qb8 {[%cal Ob6b5]} (18... Ng6 $5 {[%cal Rg6h4]}) 19. Rg3 (19. Qd1 $14) 19... b5 20. f4 (20. cxb5 $11 axb5 21. Ndxb5) 20... bxc4 $15 {White must now prevent ...Ned3.} 21. fxe5 {[%mdl 8192] This move loses the game for White.} (21. Rf1 $15) 21... dxe5 $19 22. Nd5 Bxd5 ({And not} 22... exd5 23. Nf5 Qc7 24. exd5 Bxd5 25. Qe1 $17 (25. Bxd5 $2 Ne4 $19) (25. Nxe7+ $2 Qxe7 26. Bxd5 Ne4 $19)) 23. exd5 {[%cal Oc1c4]} exd4 {[%mdl 64] [#] Discovered Attack} 24. Qxd4 {[%csl Gb2][%cal Rd4g7]} Bf8 25. Qg4 (25. Qe5 $142 Qxe5 26. Bxe5) 25... Nd3 {Black is clearly winning.} 26. Rxd3 (26. Rc2 $142 Bc5+ 27. Kh2) 26... cxd3 27. Rd1 Rc2 28. Bd4 Rxd5 29. Rxd3 {[#]} Rxd4 $1 30. Rxd4 Bc5 {Weighted Error Value: White=1.14/Black=0.09 (flawless)} 0-1

[Event "V Copa Marcel Duchamp 2022"]
[Site "Montevideo"]
[Date "2022.02.13"]
[Round "3.14"]
[White "Salguero, Rafael"]
[Black "Vitoux, Colomban"]
[Result "1/2-1/2"]
[WhiteElo "1948"]
[BlackElo "2372"]
[Annotator "TA"]
[PlyCount "54"]
[EventDate "2022.02.12"]
[EventCountry "URU"]
[SourceTitle "playchess.com"]
[Source "ChessBase"]
[SourceQuality "1"]

{[%evp 9,53,0,-11,0,0,-25,-22,-8,-6,-34,-38,-48,-64,-106,-96,-134,-124,-119,-108,-120,-118,-129,-95,-129,-60,-110,0,-181,-170,-175,-183,-160,-163,-152,-132,-320,-311,-29993,-29994,-29996,-29997,-29997,-29998,-29998,-29999,-29999]} 1. d4 Nf6 2. c4 d6 3. Nc3 Bf5 4. f3 e5 5. dxe5 dxe5 6. Qxd8+ {A53: Old Indian Defence without Nf3.} Kxd8 7. Bg5 Nbd7 8. e4 {The position is equal.} Be6 9. Nd5 {[#]} c6 $146 ({Predecessor:} 9... h6 10. Bh4 c6 11. O-O-O Be7 12. Nxe7 Kxe7 13. b3 a5 14. Ne2 a4 15. Kb2 axb3 16. axb3 {0-1 (54) Martin,S (2235)-Kuporosov,V (2510) Seefeld 1996}) 10. Nxf6 gxf6 11. Bh4 (11. Bd2 $15 {is superior.}) 11... Bb4+ $17 12. Kf2 Bc5+ 13. Ke1 a5 {[%cal Ba7a5,Ba5a4][%mdl 32]} 14. Bd3 Ke7 15. Ne2 a4 16. Ng3 Bb4+ (16... Rhg8 $17 {White must now prevent ...Rg6.} 17. Bf1 Bd4) 17. Ke2 {[#]} (17. Kf2 $1 $15) 17... Nc5 (17... Rhg8 $1 $17 {[%cal Rg8g6] Hoping for ...Rg6.} 18. Kf1 Nb6 19. Nf5+ Bxf5 20. exf5 Rad8) 18. Nf5+ $2 (18. Nh5 $11 {and White has nothing to worry.}) 18... Bxf5 $19 19. exf5 Nxd3 20. Kxd3 Rhd8+ 21. Ke3 Rd4 $36 {[%mdl 2048] Black has strong initiative.} 22. g4 $2 {White does not recover from this.} (22. Be1 $17 Rxc4 23. Bxb4+ Rxb4 24. Rab1) 22... Rad8 {( -> ...Rd2)} ({Weaker is} 22... Rxc4 23. Rac1 Rd4 24. Rhd1 $17) 23. Rab1 $2 {[#]} (23. Be1 $19 Bc5 24. Ke2) 23... Rd2 {Black mates.} 24. f4 Bc5+ 25. Ke4 R8d4+ 26. Ke3 R4d3+ 27. Ke4 Re3# {[%mdl 32768] Weighted Error Value: White=0.69/Black=0.11 (very precise) . An unexpected result.} 1/2-1/2